Asian Countries by First Two Letters - Statistics

General Stats
  • This quiz has been taken 228 times
  • The average score is 37 of 48
Answers on the Map
Answers color-coded by a green-red scale on the quiz's map according to % correct below.
 
Answer Stats
Country % Correct
India
98%
Indonesia
98%
China
95%
Turkey
95%
Turkmenistan
95%
Iran
94%
Iraq
94%
Kazakhstan
94%
Saudi Arabia
92%
Mongolia
91%
Pakistan
88%
Afghanistan
86%
Yemen
85%
Japan
83%
Kyrgyzstan
82%
Taiwan
82%
Tajikistan
82%
Oman
80%
Thailand
80%
Myanmar
78%
South Korea
78%
Azerbaijan
77%
Bahrain
77%
Bangladesh
77%
Malaysia
77%
Maldives
77%
Nepal
77%
North Korea
77%
Sri Lanka
77%
Uzbekistan
77%
Georgia
75%
Jordan
75%
Syria
75%
Armenia
72%
Laos
72%
United Arab Emirates
72%
Vietnam
71%
Israel
69%
Cambodia
68%
Philippines
68%
Kuwait
66%
Bhutan
65%
Qatar
65%
Cyprus
60%
Lebanon
60%
Singapore
60%
Brunei
45%
East Timor
37%
No matching quizzes found
Score Distribution
Percent of People with Each Score
Percentile by Number Answered
Your Score History
You have not taken this quiz